000 00845nam a2200265 a 4500
008
020 _a019820602-x( hbk.)
049 _aMAIN
090 _aHG2992
100 1 _aJones, Geoffrey.
245 1 0 _aBritish multinational banking, 1830-1990 /
_cGeoffrey Jones.
260 _aOxford :
_bOxford University Press,
_c1993.
300 _axiii, 511 p. :
_bill. ;
_c24 cm.
504 _aIncludes bibliographical references (p. [489]-497)
500 _aIncludes index.
650 0 _aBanks and banking, International
_xHistory.
650 0 _aBanks and banking, British
_xHistory.
653 0 _aInternational banking.
653 0 _aGreat Britain.
907 _a.b1013945x
_b05-11-04
_c05-11-04
999 _aremote vm
_c155665
_d155665
003
005 20230123133840.0
040 _cNUST
942 _cBOOKS
_kHG2992